000 00583nam a2200217 a 4500
001 BRCA_5734
005 20190320205209.0
008 040311s1908----gw-######s---#001-0#ger-#
041 _ager
044 _agw
050 4 _aHG161
_b.B67 1908
100 1 _aBorght, R. van der
_914549
245 1 0 _aFinanzwissenschaft
_bIl Befonderer Teil
_cR. van der Borght.
260 _aLeipzig
_bBerlagshandlung
_c1908
300 _a156 p.
_c15 cm.
500 _aIncluye índice alfabético y glosario
500 _aH52
650 1 4 _aFinanzas
_zLeipzig
_914550
902 _aGFM
942 _2lcc
_cB
999 _c5424
_d5424